000 00654nam a2200241Ia 4500
003 OSt
005 20220926010151.0
006 a|||||r|||| 00| 0
007 ta
008 220923b |||||||| |||| 00| 0 eng d
020 _a0706905245
037 _cGeneral Book
040 _aRTL
_cRTL
_beng
041 _2eng
_aeng
082 _aX9(J).2.N7, L7
100 _aBhatia B M
_9125700
245 0 _aPoverty, agriculture and economic growth
260 _a New Delhi
_bVikas India
_c1977
300 _axii,260p.
_ccm.
650 _aIndusty
_9231993
942 _hX9(J).2.N7, L7
_cGB
_2CC
999 _c616555
_d616555